00274nam a2200109Ia 4500100001700000654001600017245006000033260003800093082001300131300000800144546001200152 aWalpole/R.E  aProbability aProbability and statistics for engineers and scientists bMaxwell MacmillanaNew Yorkc1990 a519bWAL a765 aENGLISH